| 000 | 00668nam a2200181 a 4500 | ||
|---|---|---|---|
| 999 |
_c7411 _d7411 |
||
| 003 | OSt | ||
| 005 | 20211118122005.0 | ||
| 008 | 900508s1965 sp af f000 0 spa | ||
| 040 |
_aDLC _cCDMR _bcat |
||
| 245 | 0 | 0 | _aInforme sobre la conmemoración del XXV aniversario de la paz española. |
| 260 |
_aMadrid : _bSIE, _c1965. |
||
| 300 |
_a55 pàgines, [16] làmines : _bil·lustrat ; _c27 cm. |
||
| 490 | 1 |
_aDocumentos políticos ; _vnúm. 5 |
|
| 651 | 0 |
_aEspanya _xHistòria _y1936-1939, Guerra Civil _xAniversaris, etc. _94698 |
|
| 710 | 2 | _aServicio Informativo Español. | |
| 830 | 0 |
_aDocumentos políticos (Servicio Informativo Español) ; _vnúm. 5. |
|
| 942 |
_2udc _cFULLET |
||